Patenty a úžitkové vzory ako nástroje právnej ochrany bakalárska práca

Guardado en:
Detalles Bibliográficos
Autor principal: Hanicová, Sandra
Autor Corporativo: Obchodná fakulta EU. Katedra obchodného práva
Otros Autores: Kropaj, Marián, 1983-
Formato: Libro
Lenguaje:eslovaco
Publicado: Bratislava 2014
Etiquetas: Agregar Etiqueta
Sin Etiquetas, Sea el primero en etiquetar este registro!

MARC

LEADER 00000nbm a2200000 4500
001 0188317
005 20170201101515.2
041 0 |a slo 
044 |a SK 
245 1 0 |a Patenty a úžitkové vzory ako nástroje právnej ochrany  |b bakalárska práca  |c Sandra Hanicová ; školiteľ: Marian Kropaj 
264 1 |a Bratislava  |c 2014 
300 |a 55 s. 
100 1 |a Hanicová, Sandra 
700 1 |a Kropaj, Marián, 1983- 
710 2 |a Obchodná fakulta EU. Katedra obchodného práva